Memoria 1993-2001
Tallennettuna:
| Yhteisötekijä: | |
|---|---|
| Aineistotyyppi: | Kirja |
| Kieli: | espanja |
| Julkaistu: |
Santiago
Consejo Nacional del Libro y la Lectura
2002
|
| Aiheet: | |
| Tagit: |
Lisää tagi
Ei tageja, Lisää ensimmäinen tagi!
|
MARC
| LEADER | 00000nam a2200000 a 4500 | ||
|---|---|---|---|
| 001 | UCH3418 | ||
| 003 | CL-VaPUC | ||
| 008 | 090723e20020000CL |||||||||||||||||spa|d | ||
| 020 | |a 9567394040 | ||
| 082 | 0 | 4 | |a 346.048 |b CON |2 21 |
| 110 | 2 | |a Consejo Nacional del Libro y la Lectura |e author |9 538764 | |
| 245 | 1 | 0 | |a Memoria 1993-2001 |
| 300 | |a 187 p | ||
| 942 | |c BK | ||
| 945 | |d 20090723 00:00:00 |a dcastane | ||
| 260 | |a Santiago |b Consejo Nacional del Libro y la Lectura |c 2002 | ||
| 650 | 0 | |a Libros |9 334511 | |
| 650 | 7 | |a DERECHOS DE AUTOR |2 CL-VaPUC |9 255076 | |
| 650 | 0 | |a Propiedad intelectual |9 256126 | |
| 651 | 7 | |a CHILE |2 CL-VaPUC |9 538765 | |
| 583 | |a last modification |c 20090723 00:00:00 |k Rodrigo Vera | ||
| 999 | |c 334987 |d 334985 | ||
| 952 | |0 0 |1 0 |4 0 |6 346_048000000000000_CON_2002 |7 0 |8 X |9 424435 |a FDOBUD |b FDOBUD |d 2019-11-22 |i 4578686 |o 346.048 CON 2002 |p 4578686 |r 2019-11-22 |w 2019-11-22 |y BK_X |k BUD | ||